El amiguito : semanario para los niños /

Breve folleto dirigido a los niños para que aprendan la doctrina católica.

Tallennettuna:
Bibliografiset tiedot
Aineistotyyppi: Kirja
Kieli:espanja
Aiheet:
Tagit: Lisää tagi
Ei tageja, Lisää ensimmäinen tagi!

MARC

LEADER 00000nam^a2200000^a^4500
001 000136595
005 20250521000000.0
009 20260310095322.983
037 |a Acervo ITESO - Biblioteca 
041 |a ESP 
082 |a 248. 8205  |b AMI 1945 V. 2 
240 1 4 |a [El amiguito] 
245 0 3 |a El amiguito :  |b semanario para los niños / 
264 |a Guadalajara, México :  |b editorial no identificada,  |c 1945 
300 |a 1 folleto (4 p.) 
336 |a texto  |b txt  |2 rdacontenido 
337 |a sin mediación  |b n  |2 rdamedio 
338 |a volumen  |b nc  |2 rdasoporte 
520 |a Breve folleto dirigido a los niños para que aprendan la doctrina católica. 
649 |a XX 
650 |a Niños 
650 |a Teología Doctrinal 
650 |a Educación Religiosa 
650 |a Catolicismo 
650 |a Cristianismo 
650 |a Religión 
910 |a Fondo Salvador Reynoso Reynoso 
920 |a Impresos - Libros 
930 |a Fondos Especiales 
905 |a 112 
901 |a 0800014083  |b IT2  |c ESP  |u 20250521 
902 |a https://opac.biblio.iteso.mx/vufind/Record/000136595